Aprenda divirtiéndose el ABC de la economía (Registro nro. 4430)

Detalles MARC
000 -LEADER
fixed length control field 01129 a2200241 4500
001 - CONTROL NUMBER
control field 47665
005 - DATE AND TIME OF LATEST TRANSACTION
control field 20260407155743.0
008 - FIXED-LENGTH DATA ELEMENTS--GENERAL INFORMATION
fixed length control field 260407a1985 arg spa d
003 - CONTROL NUMBER IDENTIFIER
control field AR-UNSa-BCEJYS
040 ## - CATALOGING SOURCE
Original cataloging agency AR-UNSa-BCEJYS
Language of cataloging spa
Transcribing agency AR-UNSa-BCEJYS
080 ## - UNIVERSAL DECIMAL CLASSIFICATION NUMBER
Universal Decimal Classification number 330.342.146
Common auxiliary subdivision Economía social de mercado. Economía del estado del bienestar<br/>
020 ## - INTERNATIONAL STANDARD BOOK NUMBER
International Standard Book Number 968-6034-48-X
100 1# - MAIN ENTRY--PERSONAL NAME
Personal name Correa, Jorge Blanco
245 10 - TITLE STATEMENT
Title Aprenda divirtiéndose el ABC de la economía
Name of part/section of a work guía humorística del capitalismo, la economía mixta y el socialismo
264 #1 - PRODUCTION, PUBLICATION, DISTRIBUTION, MANUFACTURE, AND COPYRIGHT NOTICE
Place of production, publication, distribution, manufacture México :
Name of producer, publisher, distributor, manufacturer Harla
Date of production, publication, distribution, manufacture, or copyright notice 1985
300 ## - PHYSICAL DESCRIPTION
Extent 218 p.
Dimensions 21 cm.
505 ## - FORMATTED CONTENTS NOTE
Formatted contents note Parte I: Economía y la búsqueda de la prosperidad -- Parte II: El mercado libre -- Parte III: Escape del mercado libre -- Parte IV: Regreso al mercado libre -- Parte V: Cierre definitivo del mercado libre Parte VI: El mundo de la competición perfecta.
590 ## - LOCAL NOTE (RLIN)
Local note niveau_biblio:m niveau_hierar:0
700 1# - ADDED ENTRY--PERSONAL NAME
Personal name Douglas, Michael
700 1# - ADDED ENTRY--PERSONAL NAME
Personal name Paniagua Bocanegra, Francisco
856 41 - ELECTRONIC LOCATION AND ACCESS
Uniform Resource Identifier <a href="https://biblioeco.unsa.edu.ar/pmb/images/libros/L127627.jpg">https://biblioeco.unsa.edu.ar/pmb/images/libros/L127627.jpg</a>
Link text Imagen de portada
Electronic format type image/jpeg
942 ## - ADDED ENTRY ELEMENTS (KOHA)
Koha item type
Existencias
Withdrawn status Lost status Damaged status Not for loan Home library Current library Shelving location Date acquired Total checkouts Full call number Barcode Date last seen Price effective from Koha item type
        Biblioteca Prof. Eusebio Cleto del Rey Biblioteca Prof. Eusebio Cleto del Rey   07/04/2026   330.342.146 D733 L127627 07/04/2026 07/04/2026 Libro